• 首页
  • 本馆介绍
  • 公告通知
  • 最新文献
  • 馆藏检索
  • 电子资源
  • 读者导购
  • 参考咨询
  • 我的图书馆
  • 登录
  • 详细信息显示
  • 放入我的书架
  • 预约/预借图书
  • 作者相关作品
  • 分类相关作品
  • 丛书相关作品
  • 出版社相关作品

书目信息

  • 表格格式
  • 工作单格式
  • 卡片格式
题名:
纺织品及服装可持续发展与创新
    
 
作者: 穆图 编著 ;洪岩 译
分册:  
出版信息: 北京   中国纺织出版社有限公司  2022
页数: 113页
开本: 24cm
丛书名: 纤维及纺织品可持续发展与创新丛书
单 册:
中图分类: F416.81 , F416.86 , F416.8
科图分类:
主题词: 纺织工业--可持续性发展--研究 , 服装工业--可持续性发展--研究
电子资源:
ISBN: 978-7-5180-8803-4
000 01362nam0 2200313 450
001 2231531425
005 20220929084604.52
010    @a978-7-5180-8803-4@b精装@dCNY138.00
100    @a20220226d2022 em y0chiy50 ea
101 1  @achi@ceng
102    @aCN@b110000
105    @aa z 000yy
200 1  @a纺织品及服装可持续发展与创新@9fang zhi pin ji fu zhuang ke chi xu fa zhan yu chuang xin@dTextiles and clothing sustainability: recycled and upcycled textiles and fashion@f(印)萨勃拉曼尼亚·森西卡纳·穆图(Subramanian Senthilkannan Muthu)编著@g洪岩译@zeng
210    @a北京@c中国纺织出版社有限公司@d2022
215    @a113页@c图@d24cm
225 1  @a纤维及纺织品可持续发展与创新丛书
305    @a经Springer Science+Business Media Singapore授权出版
330    @a本书主要介绍了纺织品及服装的回收和再利用、纺织品及服装原料的回收和再利用以及牛仔废弃物的回收和再利用。
461  0 @12001 @a纤维及纺织品可持续发展与创新丛书
510 1  @aTextiles and clothing sustainability: recycled and upcycled textiles and fashion@zeng
606 0  @a纺织工业@x可持续性发展@x研究
606 0  @a服装工业@x可持续性发展@x研究
690    @aF416.81@v5
690    @aF416.86@v5
690    @aF416.8@v4
701  0 @c(印)@a穆图@9mu tu@c(Muthu, Subramanian Senthilkannan)@4编著
702  0 @a洪岩@9hong yan@4译
801  0 @aCN@b91MARC@c20220320
905    @aZUCC@dF416.8@e3
    
    纺织品及服装可持续发展与创新=Textiles and clothing sustainability: recycled and upcycled textiles and fashion/(印)萨勃拉曼尼亚·森西卡纳·穆图(Subramanian Senthilkannan Muthu)编著/洪岩译.-北京:中国纺织出版社有限公司,2022
    113页:图;24cm.-(纤维及纺织品可持续发展与创新丛书)
    
    
    ISBN 978-7-5180-8803-4(精装):CNY138.00
    本书主要介绍了纺织品及服装的回收和再利用、纺织品及服装原料的回收和再利用以及牛仔废弃物的回收和再利用。
●
相关链接 在五车中查询图书 在当当中查询图书 在豆瓣中查询图书


正题名:纺织品及服装可持续发展与创新     索取号:F416.8/3         预约/预借

序号 登录号 条形码 馆藏地/架位号 状态 备注
1 2000905765   2000905765   第三书库/ [索取号:F416.8/3] 在馆    
2 2000905766   2000905766   第三书库/ [索取号:F416.8/3] 在馆    
3 2000905767   2000905767   第三书库/ [索取号:F416.8/3] 在馆    
山东省滨州职业学院图书馆 欢迎您!
大连网信软件有限公司© 版权所有